000
00341nam a2200145Ia 4500
008
150201s2004 xx 000 0 und d
082
_a
617.5
_b
S2004K
100
_a
KAPUR,MM
245
_a
SURGICAL INSTRUMENTS & PROCEDURE
250
_a
2ND
260
_b
ELSEVIER
_a
DELHI
_c
2004
300
_a
1-218
650
_a
SURGERY
942
_2
ddc
_c
BK
_0
2
999
_c
4057
_d
4057